| 000 | 00687nam a2200241 a 4500 | ||
|---|---|---|---|
| 001 | 47215 | ||
| 003 | BD-RjUL | ||
| 005 | 20211209054258.0 | ||
| 008 | 160807t19761965nyu b 000 0 eng | ||
| 035 | _a(BD-RjUL)47334 | ||
| 040 |
_aDLC _cODaWU _dDLC _beng |
||
| 041 | _aeng | ||
| 082 |
_a305.52 _223 _bBOE 1976 |
||
| 100 | 1 |
_aBottomore, T. B _d1920-1992 _9143762 |
|
| 245 | 1 | 0 |
_aElites and society / _c[by] T.B. Bottomore. |
| 260 |
_aNew York : _bpenguin books, _cc1964 [reprint 1976] |
||
| 300 |
_a160 p. ; _c22 cm. |
||
| 504 | _aBibliography: p. 144-151. | ||
| 650 | 0 |
_aLeadership. _9143763 |
|
| 650 | 0 |
_aElite (Social sciences) _9143764 |
|
| 942 |
_2ddc _cBK |
||
| 999 |
_c47215 _d47215 |
||